Jenaro Pérez Villamil / (Registro nro. 101971)

Detalles MARC
000 -LEADER
campo de control de longitud fija 00715nam a2200205 i 4500
001 - NÚMERO DE CONTROL
campo de control 101971
003 - IDENTIFICADOR DE NÚMERO DE CONTROL
campo de control ES-MaACL
005 - FECHA Y HORA DE LA ÚLTIMA TRANSACCIÓN
campo de control 20250815121442.0
007 - CAMPO FIJO DE DESCRIPCIÓN FÍSICA--INFORMACIÓN GENERAL
campo de control de longitud fija t|
008 - DATOS DE LONGITUD FIJA--INFORMACIÓN GENERAL
campo de control de longitud fija 051028q19001999sp ||||1| spa d
100 1# - ENTRADA PRINCIPAL--NOMBRE DE PERSONA
Nombre de persona Méndez Casal, Antonio.
9 (RLIN) 80146
245 10 - MENCIÓN DEL TÍTULO
Título Jenaro Pérez Villamil /
Mención de responsabilidad, etc. por Antonio Méndez Casal.
260 ## - PUBLICACIÓN, DISTRIBUCIÓN, ETC.
Lugar de publicación, distribución, etc. Madrid :
Nombre del editor, distribuidor, etc. Ediciones de la Esfinge,
Fecha de publicación, distribución, etc. [19--?]
300 ## - DESCRIPCIÓN FÍSICA
Extensión 1 lám. ret. biog., 60 p., 4 h., lám. 1-35. ;
Dimensiones 21 cm.
490 1# - MENCIÓN DE SERIE
Mención de serie La Pintura romántica en España ;
Designación de volumen o secuencia I
600 17 - PUNTO DE ACCESO ADICIONAL DE MATERIA--NOMBRE DE PERSONA
Nombre de persona Pérez Villaamil, Jenaro,
Fechas asociadas al nombre 1807-1854
Fuente del encabezamiento o término embne
9 (RLIN) 159080
830 03 - PUNTO DE ACCESO ADICIONAL DE SERIE-TÍTULO UNIFORME
Título uniforme La pintura romántica en España
Designación de volumen o secuencia I
9 (RLIN) 232512
852 ## - LOCALIZACIÓN
Ubicación ES-MaACL
Número de control de estantería C-4516
Sublocalización o colección R.24095
Existencias
Estatus retirado Estado de pérdida Estado de daño No para préstamo Colección Biblioteca de origen Biblioteca actual Ubicación en estantería Fecha de adquisición Fuente de adquisición Total de préstamos Signatura topográfica completa Código de barras Visto por última vez Precio de reemplazo Tipo de ítem Koha
        Libros del s. XIX Biblioteca del Ateneo de Madrid Biblioteca del Ateneo de Madrid Sala Palomar 17/01/2008     C-4516 1106453 23/02/2023 23/02/2023 Libro impreso antiguo